000 00895nac a22002771i 4500
003 EG-ScBUE
005 20260105095947.0
008 260105s2004 ii a g b 001 0 eng d
020 _a8178080060
020 _a9788178080062
040 _aEG-ScBUE
_beng
_erda
_cEG-ScBUE
_dEG-ScBUE
082 0 4 _a530.12
_bSAK
_222
100 1 _aSakurai, J. J.,
_eauthor.
245 1 0 _aModern quantum mechanics /
_cJ.J. Sakurai ; San Fu Tuan, editor.
250 _aRevised edition.
264 1 _aDelhi :
_bPearson Education,
_c2004.
300 _ax, 500 pages :
_billustrations ;
_c25 cm
336 _2rdacontent
_atext
_btxt
337 _aunmediated
_2rdamedia
_bn
338 _avolume
_bnc
_2rdacarrier
504 _aIncludes bibliographical references and index.
650 7 _aQuantum theory.
_2BUEsh
655 _vReading book
700 1 _aTuan, San Fu,
_d1932-
_eeditor.
942 _cBB
_2ddc
999 _c1411
_d1411